000 00565cam a2200229 i 4500
001 4199610
005 20180206083834.0
008 800605s1980 enka b 001 0 eng
010 _a 80479603
015 _aGB***
020 _a071561004X :
_c£18.00
040 _aDLC
_cDLC
_dDLC
041 _aeng
080 _a658.403 GEO
082 0 0 _a658.403 GEO
100 1 _a52
101 _aLID
245 1 0 _aProblem solving /
_cF. H. George.
504 _aBibliography: p. [187]-189.
906 _a7
_bcbc
_corignew
_d4
_encip
_f19
_gy-gencatlg
942 _2ddc
_cBK
999 _c41941
_d41941